000 00340pab a2200133 454500
008 180718b1999-2000 xxu||||| |||| 00| 0 eng d
245 _aSPECIAL number in industrial economics
260 _c1999-2000
300 _ap.1-144
362 _aOct-Dec
650 _aIndustrial economics
773 _aIndian Economic Journal
909 _a43821
999 _c43821
_d43821